MDQL
is popping MORE tags! Check the
thread
!
Quizzes
Events
Quiz Creation
Community
Videos
Private Events
Remove Ads
Sign In
Join for FREE
Feedback
Dark Mode
Quiz Categories
Sports
Geography
Music
Movies
Television
Just For Fun
Miscellaneous
History
Literature
Language
Science
Gaming
Entertainment
Religion
Holiday
For Kids
Quiz Lab
Recent
Popular Today
Quiz Kudos Today
Editor Picks
Curator Picks
Quizzes by...
Day
Popularity
Type
Ratings
Length
Year
Community
Subscriptions
Recent Discussions
Orange Saloon
Badges
Playlists
Quests
Create
Leaderboards
Showdown
Live 5
Trivia Bingo
Activity
Puzzle Library
Sporcle Events
Private Events
Virtual Trivia
Globe League
Become a Host
Pub Owners
SporcleCon
Opinionation
Our Games
Videos
Blog
Mobile Apps
Partnerships
Remove Ads and Go Orange
Feedback
Movies
Disney
Marvel Cinematic Universe
Movie Resume
Movie Titles
Oscar
Actor
Actress
Director
Pixar
Role
Movie Quotes
Movie Characters
Box Office
Nominee
Best Picture
Star Wars
James Bond
Horror Movies
Movies
Disney
Marvel Cinematic Universe
Movie Resume
Movie Titles
Oscar
Actor
Actress
Director
Pixar
Role
Movie Quotes
Movie Characters
Box Office
Nominee
Best Picture
Star Wars
James Bond
Horror Movies
Random Quiz
Search Sporcle
×
Quiz Lab
Quiz Lab
Movies
damon
Type in answers that appear in a list
Type in answers that appear in a list
Classic
Best Score? Go Orange.
Matt Damon Mix Up Stats
Can you name the Matt Damon Mix Up?
By
Eric7272
5m
20 Questions
75 Plays
75 Plays
75 Plays
Comments
Comments
Give Quiz Kudos
Give Quiz Kudos
-
- Ratings
hide this ad
More Info
Forced Order
Answers have to be entered in order
Answers have to be entered in order
Replay
Link that replays current quiz
Next Quiz
Link to next quiz in quiz playlist
You Got
0%
They Got
Avg Score
70%
Avg Friend Score
Upgrade to see
Score Distribution
Jump to the score distribution portion of the page
Score
0/20
Timer
05:00
0
Plays Today
Year
Answer
% Correct
1997
Good Will Hunting
96%
2011
We Bought A Zoo
90.7%
2000
All the Pretty Horses
89.3%
2006
The Good Shepherd
88%
1998
Saving Private Ryan
88%
1999
Dogma
85.3%
1999
The Talented Mr Ripley
84%
2005
The Brothers Grimm
81.3%
2009
Invictus
81.3%
2007
The Bourne Ultimatum
78.7%
Year
Answer
% Correct
2000
The Legend of Bagger Vance
77.3%
1996
Courage Under Fire
76%
2011
The Adjustment Bureau
68%
1992
School Ties
66.7%
1998
Rounders
54.7%
2011
Contagion
52%
2004
Eurotrip
46.7%
2010
Hereafter
40%
1997
The Rainmaker
36%
1993
Geronimo An American Legend
32%
Quiz Playlist
Details
Report
Send in Message
Add To Playlist
More Info:
Unscramble the letters to form a title from a Matt Damon film.
Classic:
Type in answers that appear in a list
Forced Order:
Answers have to be entered in order
Last Updated: Feb 16, 2017
Quiz Scoreboard
CHALLENGE
Sign Up to Join the Scoreboard
Show All
Scores
Hide
Comments
May contain spoilers
Recently Published
Holiday 10x10 Sorting Gallery
by lukepisani3
Holiday
15m
Two Season TV Shows II
by 123Four
Television
10m
Image Sorting: Flags VI
by Barbecue
Geography
2m
More to Explore
Quiz From the Vault
Featured Blog Post
14 Easter Pick-up Lines to Find Eggs With
hide this ad
You Might Also Like...
Tags
damon
jumble
matt
Matt Damon
Mix
Today's Top Quizzes in Movies
Browse Movies
hide this ad
Today's Top Quizzes in damon
Browse damon
Top Contributed Quizzes in Movies
1
The ultimate James Bond movie quiz
2
Find The 'Big' Movie
3
Find The 'Wild' Movie
4
Find The 'Blue' Movie
5
Movies By Plot
6
Hidden Star Wars Character II
7
25 Best Actor Nominees (1990s)
8
Hidden Star Wars Character III
9
😉 2024 Oscar Nominees by Emoji
10
Hidden Star Wars Character IV
Explore More
Trending Topics
Crossword
Disney
NBA
Kpop
Harry Potter
Marvel
Anime
NFL
Country
Pokémon
WWE
The Office
Song
Soccer
Puzzle
hide this ad
More By:
Eric7272
Quiz
Plays
Rating
Category
Featured
Created
Frances McDormand Movies
4,713
4.36
Movies
Jul 6, 2010
Missing Word: Movie 'Y' Words
4,702
4.68
Just For Fun
Jul 6, 2012
Jennifer Lopez Movies
2,486
4.60
Movies
May 3, 2010
Geena Davis Movies
1,649
3.83
Movies
Jul 6, 2010
Tim Robbins Movies
768
4.00
Movies
May 1, 2010
Go to Creator's Profile
Score Distribution
Quiz Creator Spotlight
Eric7272
Follow
Send a Message
Quizzes Created
-
Created Quiz Play Count
-
More By This Creator
Popular Quizzes Today
1
Find the US States - No Outlines Minefield
2
Colored Red Africa Blitz
3
Find the 'City' Movie
4
The Countries of the World
5
Find the US States
6
5x2 Blitz: Bands
7
Find the Countries of Europe - No Outlines Minefield
8
US States
More Movies Quizzes
Christopher Nolan Movies
Published
Trending Quizzes
Colored Red Europe Blitz I
Colored Red Europe Blitz II
Colored Red Africa Blitz II
Colored Red Europe Blitz III
Colored Red Africa Blitz III
Recently Updated
Odd Team Out - Big 4 Players
pecheneg
Quick Pick: 20 Twenties
pecheneg
March Madness Men's Triple Doubles
pecheneg
How Do You Spell That?
pecheneg
Godzilla Movies
pecheneg
Grab Bag: 4-10 Letters
pecheneg
2024 March Madness Bracket
pecheneg
Famous TV Couples
Peacemaker
Champions League XIs: Real Madrid
pecheneg
Largest US Cities 1790-2010
pecheneg
Trending Topics
Harry Potter
Anime
NBA
Crossword
Marvel
Kpop
Disney
Song
NFL
Puzzle
Soccer
Country
The Office
WWE
Pokémon
Your Account Isn't Verified!
In order to create a playlist on Sporcle, you need to verify the email address you used during registration. Go to your
Sporcle Settings
to finish the process.
Report this User
Report this user for behavior that violates our
Community Guidelines
.
Details:
Send Report
Go to the Sporcle.com Mobile Site →
Comments